Nyitra

Zobrazenie: Pohľad v zelenom orámovaní s dreveným motívom na mesto z diaľky a z výšky. V popredí vidno vrcholky korún listnatých stromov. Vpravo za nimi je veža kostola sv. Petra a Pavla. V pozadí vidno dve veže Piaristického kostola sv. Ladislava. Vľavo od neho je kostol Navštívenia Panny Márie. Vľ...

Celý popis

Podrobná bibliografia
Médium: Pohľadnica
Jazyk:maďarčina
Fyzický popis:1 pohľadnica tónovaná do zelena 9 x 14 cm
Vydavateľské údaje: Nyitra Fesner Jon. [1907?]
Predmet:

MARC

LEADER 00000nkm a2200000 a 4500
001 vtls011891103
003 SK-MaSNL
005 20260512130055.0
007 kp ao
008 230706q1907 xo g kuhun
015 |a SNBG1907 
035 |a urn:nbn:sk:snk-km00eeym 
035 |a urn:nbn:sk:snk-km43e1f 
035 |a AAD515EB-1B50-412E-8A1F-C55D183AFCB3 
040 |a SNK  |b slo  |c SNK  |e AACR2 
041 0 |a hun 
043 |a e-xo--- 
044 |a xo  |c SK 
072 7 |a 913  |x Regionálna geografia  |2 konspekt 
080 |a 913(437.6)  |2 2011 
080 |a 726:27-523.42  |2 2011 
080 |a 664.71  |2 2011 
080 |a 726.95  |2 2011 
080 |a 94(084.121)  |2 2011 
245 0 0 |a Nyitra  |h grafika 
260 |a Nyitra  |b Fesner Jon.  |c [1907?] 
300 |a 1 pohľadnica  |b tónovaná do zelena  |c 9 x 14 cm 
500 |a Názvové údaje prevzaté z obrazovej časti pohľadnice 
520 8 |a Zobrazenie: Pohľad v zelenom orámovaní s dreveným motívom na mesto z diaľky a z výšky. V popredí vidno vrcholky korún listnatých stromov. Vpravo za nimi je veža kostola sv. Petra a Pavla. V pozadí vidno dve veže Piaristického kostola sv. Ladislava. Vľavo od neho je kostol Navštívenia Panny Márie. Vľavo za nimi vidno komín z areálu mlynov. Celkom vľavo za mestom vidno kopec kalvárie 
610 2 7 |a Kostol sv. Petra a Pavla (Nitra, Slovensko)  |2 SNKKA  |9 190007 
610 2 7 |a Piaristický kostol sv. Ladislava (Nitra, Slovensko)  |2 SNKKA  |9 32678 
610 2 7 |a Kostol Navštívenia Panny Márie (Nitra, Slovensko)  |2 SNKKA  |9 156884 
650 0 7 |a kostoly  |2 SNKPH  |9 3023 
650 0 7 |a mlyny  |2 SNKPH  |9 29840 
650 0 7 |a kalvárie  |2 SNKPH  |9 3025 
651 7 |a Nitra (Slovensko)  |2 SNKPHgeo  |9 15714 
655 7 |a miestne pohľadnice  |2 SNKPH  |9 70510 
655 7 |a historické pohľadnice  |2 SNKPH  |9 159703 
752 |a Slovensko  |d Nitra 
852 |a Slovenská národná knižnica 
958 |a GBN 
958 |a GC 
958 |a ONDV 
999 |c 1124140  |d 1126070 
952 |a SNK  |b SNK  |y PREZ  |7 0  |p 17A1244422  |o snkSP 43503  |z Pohľadnica prešla poštou.  |0 0  |1 0  |4 0  |d 2019-10-03  |f 1  |l 0  |r 2026-02-24 18:41:20  |w 2026-02-24